Economía Internacional (Registro nro. 3530)
[ vista simple ]
| 000 -LEADER | |
|---|---|
| fixed length control field | 02465 a2200229 4500 |
| 001 - CONTROL NUMBER | |
| control field | 41714 |
| 005 - DATE AND TIME OF LATEST TRANSACTION | |
| control field | 20260407155709.0 |
| 008 - FIXED-LENGTH DATA ELEMENTS--GENERAL INFORMATION | |
| fixed length control field | 260407a1967 arg spa d |
| 003 - CONTROL NUMBER IDENTIFIER | |
| control field | AR-UNSa-BCEJYS |
| 040 ## - CATALOGING SOURCE | |
| Original cataloging agency | AR-UNSa-BCEJYS |
| Language of cataloging | spa |
| Transcribing agency | AR-UNSa-BCEJYS |
| 080 ## - UNIVERSAL DECIMAL CLASSIFICATION NUMBER | |
| Universal Decimal Classification number | 339.9 |
| Common auxiliary subdivision | Economía internacional en general. Relaciones económicas internacionales. Economía mundial |
| 041 ## - LANGUAGE CODE | |
| Language code of text/sound track or separate title | spa |
| 100 1# - MAIN ENTRY--PERSONAL NAME | |
| Personal name | Ruiz de Cenzano y Losa, Jesús |
| 245 10 - TITLE STATEMENT | |
| Title | Economía Internacional |
| 250 ## - EDITION STATEMENT | |
| Edition statement | 6a. ed. |
| 264 #1 - PRODUCTION, PUBLICATION, DISTRIBUTION, MANUFACTURE, AND COPYRIGHT NOTICE | |
| Place of production, publication, distribution, manufacture | Madrid : |
| Name of producer, publisher, distributor, manufacturer | Aguilar |
| Date of production, publication, distribution, manufacture, or copyright notice | 1967 |
| 300 ## - PHYSICAL DESCRIPTION | |
| Extent | 670 p. |
| Dimensions | 22 cm. |
| 505 ## - FORMATTED CONTENTS NOTE | |
| Formatted contents note | Parte I: La balanza de pagos y el mercado de divinas: 1. El estudio de la economía internacional - 2. La balanza de pagos - 3. El mercado de divisas - 4. Elementos del proceso de ajuste - Parte II: La cuenta de renta de la balanza de pagos. Teoría del comercio exterior : 5. La teoría pura del comercio internacional: La oferta - 6. La teoría pura del comercio internacional: La demanda - 7. La base dinámica del comercio: Variaciones en los gustos, en la tecnología y en la dotación de factores - 8. Los costes de tranportes y la teoría de la localización - 9. El mecanismo de los precios en el comercio internacional - 10. Las variaciones de renta y el comercio internacional - 11. Interacciones de la renta y los precios - Parte III: La cuenta de renta en la balanza de pagos: política comercial : 12. Política comercial. Tarifas aduaneras - 13. Contingentes, acuerdos sobre mercancías, comercio de Estado y Guerra económica - 14. La discriminación de precios y los cartels - 15. Control de cambios - 16. Defensa del comercio multilateral libre - Parte IV: La cuenta de capital en la balanza de pagos: 17. Movimientos de capital a corto plazo - 18. El movimiento internacional de capital de capital a largo plazo: El proceso de tranferencia - 19. Obligaciones, préstamos bancarios, préstamos gubernamentales - 20. La inversión directa - 21. Los aspectos internacionales del trabajo - 23. Ayuda economíca intergubernal - Parte VI: Desequilibrio y ajuste de la balanza de pagos : 24. Equilibrio de la balanza de pagos - 25. Perturbaciones cícliclas de equilibrio - 26. Perturbación secular del equilibrio - 27. Desequilibrio estructural - 28. Los medios para alcanzar el equilibrio - 29. El equilibrio económico internacional y la sociedad internacional - Apendice - |
| 590 ## - LOCAL NOTE (RLIN) | |
| Local note | niveau_biblio:m niveau_hierar:0 |
| 700 1# - ADDED ENTRY--PERSONAL NAME | |
| Personal name | Kindleberger, Charles P. |
| 942 ## - ADDED ENTRY ELEMENTS (KOHA) | |
| Koha item type | |
| Withdrawn status | Lost status | Damaged status | Not for loan | Home library | Current library | Shelving location | Date acquired | Total checkouts | Full call number | Barcode | Date last seen | Price effective from | Koha item type |
|---|---|---|---|---|---|---|---|---|---|---|---|---|---|
| Biblioteca Prof. Eusebio Cleto del Rey | Biblioteca Prof. Eusebio Cleto del Rey | 07/04/2026 | 339.9 K51 6ed. | L22462 | 07/04/2026 | 07/04/2026 | Libro | ||||||
| Biblioteca Prof. Eusebio Cleto del Rey | Biblioteca Prof. Eusebio Cleto del Rey | 07/04/2026 | 339.9 K51 6ed. | L22811 | 07/04/2026 | 07/04/2026 | Libro |